000 005710000a22002050004500
003 LK-CoMWRAF
005 20240701112653.0
008 230817t1997 ||||| |||| 00| 0 eng d
020 _a9559614118
040 _aLK-CoMWRAF
_dLK-CoMWRAF
_eLK-CoMWRAF
041 _aeng
082 _a305.8
_bSAM
100 _aSameem, A.M
245 _aMuslims of Sri Lanka:
_bproblems of a minority community
260 _aColombo:
_bAuthor,
_c1997
300 _a 80 p. ; 18 cm
650 _aMUSLIMS- Sri Lanka -History
650 _aMuslims- Sri Lanka- Social conditions
942 _cBK
999 _c3041
_d3041